00887nam a22002537a 450000500170000001000110001702000220002803500110005003700160006104000120007708200160008910000300010524500760013525000110021126000400022227000120026230000270027450000200030165000510032165000310037294200250040399900190042895201860044720170124110054.0 a999244 c00.00a0723602662 a999244 bCen Lib/Ret aDPLbEN a610.73bHAL aHallas, Charles H.926121 aThe care and training of the mentally subnormal /cby Charles H. Hallas a4th ed aBristolbJohn Wright and sonsc1970 bBristol aviii, 286p. c21cm(Hb) aIncludes index  aPeople with mental disabilities -- Care926122 aPsychiatric nursing926123 2ddccENh610.73mHAL c129355d129355 04104070aLbLd2015-07-06eCen Lib/Retg0.00l0o610.73 HALp999244r2015-07-06 00:00:00t1v0.00w2015-07-06yENzWritten off on approval by DLB (By Circulation); dtd 15-06-2023